000 00889cam a2200289 4500
001 1924808
003 ARRUPE
005 20161007114436.0
008 680301s1968 nyuac b 000 0 eng
010 _a 68017688 //r85
035 _a(OCoLC)ocm00440091
035 _a(NNC)1924808
040 _aDLC
_cDLC
_dZCU
050 0 _aND553.C33
_bM8
082 _a759.4
100 1 _aMurphy, Richard W.
_926591
245 1 4 _aThe world of Cézanne, 1839-1906,
_cby Richard W. Murphy and the editors of Time-Life Books.
260 _aNew York,
_bTime-Life Books
_c[1968]
300 _a192 p.
_billus. (part col.), ports.
_c31 cm.
490 1 _aTime-Life library of art
504 _aBibliography: p. 187.
600 1 0 _aCézanne, Paul,
_d1839-1906.
_926592
710 2 _aTime-Life Books.
_926560
830 0 _aTime-Life library of art.
_926561
942 _2lcc
_cMONOGRAPH
999 _c125464
_d125464